MARC

Tag First Indicator Second Indicator Subfields
LEADER 00000cam a2200000 i 4500
001 in00003420213
005 20211120171518.0
006 m o d f
007 cr mn||||a||||
008 130829s1997 dcua o f000 0 eng c
035 |a (OCoLC)ocn857233766 
040 |a GPO  |b eng  |e rda  |e pn  |c GPO  |d GPO  |d MvI  |d UtOrBLW 
042 |a pcc 
043 |a n-us--- 
049 |a WWW 
074 |a 0717 (online) 
086 0 |a J 1.2:C 43/5 
110 1 |a United States.  |b Department of Justice.  |b Disability Rights Section,  |e author. 
245 1 0 |a Commonly asked questions about child care centers and the Americans with Disabilities Act. 
264 1 |a [Washington, D.C.] :  |b U.S. Department of Justice, Civil Rights Division, Disability Rights Section,  |c 1997. 
300 |a 1 online resource :  |b illustrations 
336 |a text  |b txt  |2 rdacontent 
337 |a computer  |b c  |2 rdamedia 
338 |a online resource  |b cr  |2 rdacarrier 
500 |a "10/97." 
500 |a Title from title screen (viewed on Aug. 29, 2013). 
650 0 |a Day care centers  |z United States. 
650 0 |a Day care centers  |x Government policy  |z United States. 
650 0 |a Child care services  |z United States. 
650 0 |a Discrimination in public accommodations  |z United States. 
650 0 |a Barrier-free design for children with disabilities  |z United States. 
650 0 |a People with disabilities  |x Legal status, laws, etc.  |z United States. 
710 1 |a United States.  |b Department of Justice.  |b Disability Rights Section,  |e issuing body. 
776 0 8 |i Braille version:  |t Commonly asked questions about child care centers and the Americans with Disabilities Act.  |w (OCoLC)40775723 
856 4 0 |u https://purl.fdlp.gov/GPO/gpo39473  |t 0 
999 |a MARS 
999 f f |s efc6e569-768a-365a-add3-a8b6a078485c  |i 92d02bc8-9bb6-3d89-9f93-53796bc5d513  |t 0 
952 f f |a Texas A&M University  |b College Station  |c Electronic Resources  |d Available Online  |t 0  |e J 1.2:C 43/5  |h Superintendent of Documents classification 
998 f f |a J 1.2:C 43/5  |t 0  |l Available Online